<?xml version="1.0" encoding="UTF-8"?>
<record
    xmlns:xsi="http://www.w3.org/2001/XMLSchema-instance"
    xsi:schemaLocation="http://www.loc.gov/MARC21/slim http://www.loc.gov/standards/marcxml/schema/MARC21slim.xsd"
    xmlns="http://www.loc.gov/MARC21/slim">

  <leader>01877nam a22003857a 4500</leader>
  <controlfield tag="003">OSt</controlfield>
  <controlfield tag="005">20230413134946.0</controlfield>
  <controlfield tag="008">221006b        |||||||| |||| 00| 0 eng d</controlfield>
  <datafield tag="040" ind1=" " ind2=" ">
    <subfield code="c">Biblioteca Lado V</subfield>
  </datafield>
  <datafield tag="082" ind1=" " ind2=" ">
    <subfield code="a">700</subfield>
    <subfield code="b">K41a</subfield>
  </datafield>
  <datafield tag="100" ind1=" " ind2=" ">
    <subfield code="9">798</subfield>
    <subfield code="a">Acosta de Arriba, Rafael</subfield>
    <subfield code="e">editor</subfield>
    <subfield code="e">director</subfield>
  </datafield>
  <datafield tag="245" ind1=" " ind2=" ">
    <subfield code="a">Arte Cubano/</subfield>
    <subfield code="b">Revista de Artes Visuales/</subfield>
  </datafield>
  <datafield tag="260" ind1=" " ind2=" ">
    <subfield code="b">Consejo Nacional de las Artes Plasticas</subfield>
    <subfield code="c">2002</subfield>
    <subfield code="a">Cuba</subfield>
  </datafield>
  <datafield tag="300" ind1=" " ind2=" ">
    <subfield code="c">22x32cm</subfield>
    <subfield code="a">74p.</subfield>
  </datafield>
  <datafield tag="366" ind1=" " ind2=" ">
    <subfield code="e">spa</subfield>
  </datafield>
  <datafield tag="490" ind1=" " ind2=" ">
    <subfield code="v">2002</subfield>
    <subfield code="a">1</subfield>
    <subfield code="x">1024 8439</subfield>
  </datafield>
  <datafield tag="505" ind1=" " ind2=" ">
    <subfield code="t">Tercer salon de arte contemporaneo: poder, obediancia y juego de manos</subfield>
  </datafield>
  <datafield tag="505" ind1=" " ind2=" ">
    <subfield code="t">Ruta Critica</subfield>
    <subfield code="a">Elogio de Manuel Mendive

El arte no es para entenderlo

Liar

Aguedo, la critica y los prestigios del paisaje

Orestes Gaulhiac. Sujetate de la brocha

Espect&#xE1;culo y reflexi&#xF3;n en la pl&#xE1;stica art&#xED;stica contempor&#xE1;nea </subfield>
  </datafield>
  <datafield tag="505" ind1=" " ind2=" ">
    <subfield code="t">Pensando Alto A cargo de Magaly Espinosa</subfield>
    <subfield code="a">Conversaciones sobre arte</subfield>
  </datafield>
  <datafield tag="505" ind1=" " ind2=" ">
    <subfield code="t">Dossier "arte digital"</subfield>
  </datafield>
  <datafield tag="505" ind1=" " ind2=" ">
    <subfield code="t">Otros espacios...</subfield>
    <subfield code="a">Redundancia: templo-museo?</subfield>
  </datafield>
  <datafield tag="505" ind1=" " ind2=" ">
    <subfield code="t">Libros</subfield>
    <subfield code="a">La memoria viva

Incursion en el grabado cubano (1949-1997)

Con los pelos de Punta

Di con quien andas y sabre quien eres

De piedras y apel: testigos necesarios

</subfield>
  </datafield>
  <datafield tag="505" ind1=" " ind2=" ">
    <subfield code="t">Historieta</subfield>
    <subfield code="a">Adonis Flores</subfield>
  </datafield>
  <datafield tag="505" ind1=" " ind2=" ">
    <subfield code="t">Summary</subfield>
  </datafield>
  <datafield tag="650" ind1=" " ind2=" ">
    <subfield code="2">Tesauro de Arte &amp; Arquitectura</subfield>
    <subfield code="a">ARTE</subfield>
    <subfield code="9">703</subfield>
  </datafield>
  <datafield tag="650" ind1=" " ind2=" ">
    <subfield code="2">Tesauro de Arte &amp; Arquitectura</subfield>
    <subfield code="a">EXPOSICIONES </subfield>
  </datafield>
  <datafield tag="650" ind1=" " ind2=" ">
    <subfield code="2">Tesauro de Arte &amp; Arquitectura</subfield>
    <subfield code="a">BIENAL</subfield>
  </datafield>
  <datafield tag="650" ind1=" " ind2=" ">
    <subfield code="2">Tesauro de Arte &amp; Arquitectura</subfield>
    <subfield code="a">APRECIACION</subfield>
  </datafield>
  <datafield tag="650" ind1=" " ind2=" ">
    <subfield code="2">Tesauro de Arte &amp; Arquitectura</subfield>
    <subfield code="a">TEORIA</subfield>
  </datafield>
  <datafield tag="650" ind1=" " ind2=" ">
    <subfield code="2">Tesauro de Arte &amp; Arquitectura</subfield>
    <subfield code="a">CRITICA</subfield>
  </datafield>
  <datafield tag="650" ind1=" " ind2=" ">
    <subfield code="2">Tesauro de Arte &amp; Arquitectura</subfield>
    <subfield code="a">FOTOGRAFIA </subfield>
    <subfield code="9">702</subfield>
  </datafield>
  <datafield tag="650" ind1=" " ind2=" ">
    <subfield code="2">Tesauro de Arte &amp; Arquitectura</subfield>
    <subfield code="a">LITERATURA</subfield>
  </datafield>
  <datafield tag="650" ind1=" " ind2=" ">
    <subfield code="2">Tesauro de Arte &amp; Arquitectura</subfield>
    <subfield code="a">CUBANO</subfield>
  </datafield>
  <datafield tag="942" ind1=" " ind2=" ">
    <subfield code="2">ddc</subfield>
    <subfield code="c">1</subfield>
    <subfield code="h">701.18</subfield>
    <subfield code="i">A185a</subfield>
    <subfield code="n">0</subfield>
  </datafield>
  <datafield tag="999" ind1=" " ind2=" ">
    <subfield code="c">3369</subfield>
    <subfield code="d">3369</subfield>
  </datafield>
  <datafield tag="952" ind1=" " ind2=" ">
    <subfield code="0">0</subfield>
    <subfield code="1">0</subfield>
    <subfield code="2">ddc</subfield>
    <subfield code="3">2002</subfield>
    <subfield code="4">0</subfield>
    <subfield code="7">0</subfield>
    <subfield code="8">Revistas</subfield>
    <subfield code="a">LV</subfield>
    <subfield code="b">LV</subfield>
    <subfield code="d">2023-04-13</subfield>
    <subfield code="h">1</subfield>
    <subfield code="i">003251</subfield>
    <subfield code="l">0</subfield>
    <subfield code="o">701.18 A185a</subfield>
    <subfield code="p">003251</subfield>
    <subfield code="r">2023-04-13 00:00:00</subfield>
    <subfield code="w">2023-04-13</subfield>
    <subfield code="y">1</subfield>
  </datafield>
</record>
